000 00324cam a2200133ua 4500
041 _amal
_h
082 _a894.812 308
_bSUB/AA
100 _aSubhadra, Parameswaran .
245 _aAayiram ravukal, Bagam 2 /
_cSubhadra Parameswaran.
_hTextual Documents
300 _a ; .
504 _a
942 _cBK
999 _c7244
_d7244